Elements of vibration analysis (Record no. 162298)

MARC details
000 -LEADER
fixed length control field 00383nam a2200157Ia 4500
008 - FIXED-LENGTH DATA ELEMENTS--GENERAL INFORMATION
fixed length control field 231217s9999 xx 000 0 und d
041 ## - LANGUAGE CODE
Language code of text/sound track or separate title English
082 ## - DEWEY DECIMAL CLASSIFICATION NUMBER
Classification number 620.3 MEI;1
100 ## - MAIN ENTRY--PERSONAL NAME
Personal name Meirovitch, Leonard
245 #0 - TITLE STATEMENT
Title Elements of vibration analysis
250 ## - EDITION STATEMENT
Edition statement 2nd ed.
260 ## - PUBLICATION, DISTRIBUTION, ETC.
Date of publication, distribution, etc. 1986
Name of publisher, distributor, etc. McGraw-Hill,
300 ## - PHYSICAL DESCRIPTION
Extent xv+560
650 ## - SUBJECT ADDED ENTRY--TOPICAL TERM
Topical term or geographic name entry element Vibration analysis
942 ## - ADDED ENTRY ELEMENTS (KOHA)
Koha item type Books
Holdings
Date last seen Total checkouts Full call number Accession number Cost, total (INR) price Price effective from Category Lost status Damaged status Department Withdrawn status Home library Current library Entry date Vendor Cost, normal purchase price Grants Billnumber Billdate Currency symbol Conversion rate Discount Old discount
26/01/2024   620.3 MEI;1 4485 242.00 26/01/2024 Books     Central Library   Central Library Central Library 21/12/1992 Educational Supplies 8.95 ME 19503 12/08/1993 USD 31.8 1.34 15
26/01/2024   620.3 MEI 4486 242.00 26/01/2024 Books     Central Library   Central Library Central Library 21/12/1992 Educational Supplies 8.95 ME 19503 12/08/1993 USD 31.8 1.34 15

© For any Suggestions or Query, please contact the library staff @ librarian@pes.edu or Phone: +9180 2672 1983/ 2108.